| 000 | 00524nam a22001697a 4500 | ||
|---|---|---|---|
| 999 |
_c160524 _d160524 |
||
| 005 | 20190204112819.0 | ||
| 010 | _aENG-124722 | ||
| 020 |
_a8175263202 _c250.00 |
||
| 035 | _aEN-108254 | ||
| 037 | _bDBAD/PUB. | ||
| 082 | _a230.51 | ||
| 245 |
_aThe vachanamrut: _bspiritual discourses of bhagwan swaminarayan/ _ccomplied by |
||
| 260 |
_aAmdavad _bSwaminarayan Aksharpith _c2006 |
||
| 270 |
_aShahibaug, Amdavad _bAmdavad _e380004 |
||
| 300 |
_axxxvii,765p. _c22cm(Hb) |
||
| 942 |
_2ddc _cEN _e1 _h230.51 _mVAC |
||